000 00441nam a2200181Ia 4500
003 STCL
008 221019s9999 xx 000 0 und d
020 _a9780198792987
040 _aSTCL
_cSTCL
_bEN
082 _222
100 _aEllis, Erle C
245 0 _aAnthropocene: a very short introduction
260 _bOxford University Press
_aNew York
_c2018
300 _a183 p
365 _b299
546 _aEnglish
942 _cBK
_2DDC
_e22
999 _c88909
_d88909